000
00278nam a22001217a 4500
082
_a
920
_b
THO/G
100
_a
THOMAS,B.J
245
_a
GREAT PERSONALITIES OF THE WORLD
260
_a
CHENNAI
_b
SPIDER BOOKS
300
_a
144
650
_a
GREAT PERSONALITIES
_z
CHENNAI
942
_c
BK
999
_c
6541
_d
6541